Normal view MARC view
  • RAJPUT , Er. R.K

Entry Personal Name

Number of records used in: 1

001 - CONTROL NUMBER

  • control field: 7487

003 - CONTROL NUMBER IDENTIFIER

  • control field: OSt

005 - DATE AND TIME OF LATEST TRANSACTION

  • control field: 20230125105138.0

008 - FIXED-LENGTH DATA ELEMENTS

  • fixed length control field: 230125|| aca||aabn | a|a d

040 ## - CATALOGING SOURCE

  • Original cataloging agency: OSt
  • Transcribing agency: OSt

100 ## - HEADING--PERSONAL NAME

  • Personal name: RAJPUT , Er. R.K

670 ## - SOURCE DATA FOUND

  • Source citation: Work cat.: (OSt)8200: RAJPUT , Er. R.K, NON -CONVENTIONAL ENERGY SOURCES AND UTILISATION , 2020